000 00551nam a22001937a 4500
999 _c17687
_d17687
003 AR-CdUCM
008 190509b ||||| |||| 00| 0 spa d
040 _aMUNICIPALIDAD PROVINCIAL DEL CUSCO
_cBIBLIOTECA MUNICIPAL DEL CUSCO
082 _a928.85 /
_bCH66
100 _aSanchez, Luis Alberto
_91008
245 _aJose Santos Chocano /
260 _aLima :
_bLa Confianza,
300 _a130 paginas ;
_c21 cm.
650 _aBiofrafias
_937827
650 _aObras
_96865
650 _aVida
_9884
942 _2ddc
_cLIBROS
945 _arjall
_d2019-05-09